00319nam a2200157 45000010002000000030005000020050017000070080002000240200015000260400006000410820012000471000019000592450048000782600027001263000008001530nust20180117090025.00 a9698535030 c0 a650.142 4Wasima Shehzad aOrganizing Curriculum VitaecWasima Shehzad aRawalpindibNUSTc2000 a65p